000
00294nam a22001337a 4500
008
180116b xxu||||| |||| 00| 0 eng d
020
_a
9780073527727
041
_a
eng
080
_a
2
100
_a
24
101
_a
TEO
245
_a
Islam and the muslim world
_c
Husain,M,Z
942
_2
udc
_c
BK
999
_c
40332
_d
40332